| 000 | 00788cam a22002773a 4500 | ||
|---|---|---|---|
| 001 | 16731 | ||
| 003 | PGUSA | ||
| 005 | 20140828083346.0 | ||
| 008 | 050923s2005||||xxu|||||s|||||000 1 eng d | ||
| 040 |
_aPGUSA _beng |
||
| 042 | _adc | ||
| 050 | 4 | _aPZ | |
| 100 | 1 |
_aBaker, Karle Wilson, _d1878-1960 |
|
| 245 | 1 | 4 |
_aThe Garden of the Plynck _h[electronic resource] / _cKarle Wilson Baker |
| 260 |
_bProject Gutenberg, _c2005 |
||
| 506 | _aPublic domain in the USA. | ||
| 516 | _aElectronic text | ||
| 653 | _aFantasy fiction | ||
| 653 | _aImagination -- Juvenile fiction | ||
| 653 | _aFairies -- Juvenile fiction | ||
| 653 | _aFairy tales | ||
| 700 | 1 | _aMinard, Florence | |
| 830 | 0 |
_aProject Gutenberg _v16731 |
|
| 856 | 4 | 0 | _uhttp://www.gutenberg.org/ebooks/16731 |
| 942 | _cEB | ||
| 999 |
_c245986 _d245986 |
||